[Event "Benidorm op U2000 18th"]
[Site "Benidorm"]
[Date "2019.12.02"]
[Round "4"]
[White "Martinez de Soria Gordon, Jose Manuel"]
[Black "Opseth, Oliver"]
[Result "1-0"]
[WhiteElo "1926"]
[BlackElo "1795"]
[PlyCount "103"]
[EventDate "2019.11.29"]
[EventType "swiss"]
[EventRounds "10"]
[EventCountry "ESP"]
[SourceTitle "EXT 2022"]
[Source "ChessBase"]
[SourceDate "2021.10.06"]
[SourceVersion "1"]
[SourceVersionDate "2021.10.06"]
[SourceQuality "1"]

1. e4 c5 2. Nc3 Nc6 3. g3 g6 4. Bg2 Bg7 5. d3 d6 6. Be3 Nf6 7. Qc1 h6 8. Nge2 Bd7 9. 0-0 Qc8 10. f3 h5 11. h4 Bh3 12. Rf2 Bxg2 13. Kxg2 e5 14. Nb5 Qd7 15. c3 Ne7 16. Na3 g5 17. Bxg5 Ng6 18. c4 Nh7 19. Nb5 f6 20. Be3 Kf7 21. Qh1 Rhg8 22. Qh3 Qe7 23. Kh2 Nhf8 24. Nbc3 Nd7 25. f4 Nb6 26. Qf5 Raf8 27. Qxh5 Rh8 28. Qg4 Rfg8 29. f5 Nf8 30. Rh1 Ke8 31. Kg1 Kd8 32. Qf3 Bh6 33. Rg2 Qf7 34. g4 a6 35. a4 a5 36. b3 Nfd7 37. Nb5 Ke7 38. Nec3 Rh7 39. Bxh6 Rxh6 40. Nc7 Rhh8 41. g5 Qh7 42. Rhh2 Kd8 43. Ne6+ Kc8 44. Nb5 Qe7 45. Qe3 Rh7 46. Qd2 Rgh8 47. Qe1 Rh5 48. g6 Rg8 49. Qe2 Rh6 50. h5 Kb8 51. Qd2 Rhh8 52. h6 1-0

[Event "Getxo op 4th"]
[Site "Getxo"]
[Date "2019.09.15"]
[Round "8"]
[White "Besga Lopez, Jose Angel"]
[Black "Martinez de Soria Gordon, Jose Manuel"]
[Result "0-1"]
[WhiteElo "2029"]
[BlackElo "1902"]
[PlyCount "60"]
[EventDate "2019.09.08"]
[EventType "swiss"]
[EventRounds "9"]
[EventCountry "ESP"]
[SourceTitle "EXT 2021"]
[Source "ChessBase"]
[SourceDate "2020.10.23"]
[SourceVersion "1"]
[SourceVersionDate "2020.10.23"]
[SourceQuality "1"]

1. e4 c6 2. d4 d5 3. exd5 cxd5 4. c4 Nf6 5. Nc3 e6 6. Nf3 Bb4 7. Bg5 Qa5 8. Bxf6 Bxc3+ 9. bxc3 Qxc3+ 10. Nd2 gxf6 11. cxd5 0-0 12. Rc1 Qxd4 13. Rc4 Qxd5 14. Rg4+ Kh8 15. Bc4 Qe5+ 16. Re4 Qg5 17. Rg4 Qh6 18. Nf3 Nc6 19. 0-0 e5 20. Rh4 Qg6 21. Bd3 Bf5 22. Bxf5 Qxf5 23. Rh3 Rad8 24. Qb3 b6 25. Nh4 Qe4 26. Qc3 Nd4 27. Qc7 Ne2+ 28. Kh1 Nf4 29. Re3 Qa4 30. Rfe1 Nd5 0-1

[Event "Getxo op 4th"]
[Site "Getxo"]
[Date "2019.09.15"]
[Round "9"]
[White "Martinez de Soria Gordon, Jose Manuel"]
[Black "Miguelez Garcia, Erlantz"]
[Result "1-0"]
[WhiteElo "1902"]
[BlackElo "2038"]
[PlyCount "53"]
[EventDate "2019.09.08"]
[EventType "swiss"]
[EventRounds "9"]
[EventCountry "ESP"]
[SourceTitle "EXT 2021"]
[Source "ChessBase"]
[SourceDate "2020.10.23"]
[SourceVersion "1"]
[SourceVersionDate "2020.10.23"]
[SourceQuality "1"]

1. e4 c6 2. d4 d5 3. Nd2 dxe4 4. Nxe4 Bf5 5. Ng3 Bg6 6. Nh3 e6 7. Bc4 Nf6 8. 0-0 Bd6 9. Bf4 0-0 10. c3 Nd5 11. Bxd6 Qxd6 12. Re1 Nd7 13. Ne4 Qc7 14. Qf3 Rfe8 15. Rad1 N5f6 16. Nxf6+ Nxf6 17. Nf4 Bf5 18. h3 h6 19. Re5 Bh7 20. g4 Nd7 21. Re2 e5 22. Bxf7+ Kh8 23. Bxe8 Rxe8 24. Qg3 Qa5 25. dxe5 Nxe5 26. Rde1 Qb5 27. Rxe5 1-0

[Event "Getxo op 4th"]
[Site "Getxo"]
[Date "2019.09.11"]
[Round "5"]
[White "Martinez de Soria Gordon, Jose Manuel"]
[Black "Sarralde Marco, Emilio"]
[Result "1-0"]
[WhiteElo "1902"]
[BlackElo "1829"]
[PlyCount "45"]
[EventDate "2019.09.08"]
[EventType "swiss"]
[EventRounds "9"]
[EventCountry "ESP"]
[SourceTitle "EXT 2020"]
[Source "ChessBase"]
[SourceDate "2019.10.17"]
[SourceVersion "1"]
[SourceVersionDate "2019.10.17"]
[SourceQuality "1"]

1. e4 c5 2. Nc3 Nc6 3. g3 Nf6 4. Bg2 d6 5. d3 Bg4 6. f3 Bd7 7. Be3 a6 8. Nge2 b5 9. 0-0 b4 10. Nd5 Nxd5 11. exd5 Ne5 12. Qd2 g6 13. Bh6 f6 14. Rae1 Bxh6 15. Qxh6 Kf7 16. Nf4 Qf8 17. Qh4 h5 18. Ne6 Qg8 19. h3 g5 20. Qe4 Qg6 21. Qe2 Qh7 22. Kh2 h4 23. g4 1-0

[Event "Erandio op 27th"]
[Site "Erandio"]
[Date "2018.12.19"]
[Round "5"]
[White "Martinez de Soria Gordon, Jose Manuel"]
[Black "Villanueva Arguinberri, Bruno"]
[Result "0-1"]
[WhiteElo "1900"]
[BlackElo "2001"]
[PlyCount "108"]
[EventDate "2018.12.15"]
[EventType "swiss"]
[EventRounds "8"]
[EventCountry "ESP"]
[SourceTitle "EXT 2020"]
[Source "ChessBase"]
[SourceDate "2019.10.17"]
[SourceVersion "1"]
[SourceVersionDate "2019.10.17"]
[SourceQuality "1"]

1. e4 e5 2. Nc3 Nf6 3. g3 Bc5 4. Bg2 d6 5. Na4 Nc6 6. Ne2 Be6 7. 0-0 Qd7 8. Nxc5 dxc5 9. d3 0-0-0 10. f4 Bg4 11. Bf3 c4 12. fxe5 Nxe5 13. Bxg4 Qxg4 14. Rf4 Qh3 15. Qf1 Qxf1+ 16. Rxf1 cxd3 17. cxd3 Rxd3 18. Nc3 Re8 19. Bg5 Nf3+ 20. Rxf3 Rxf3 21. Re1 h6 22. Bf4 g5 23. Bd2 Rd3 24. Bc1 a6 25. Kg2 b5 26. a3 Rd7 27. h4 gxh4 28. Bxh6 hxg3 29. Kxg3 Nd5 30. Bd2 Rg8+ 31. Kf3 Nb6 32. Bc1 Nc4 33. Nd5 Ne5+ 34. Ke2 Rg2+ 35. Kf1 Rh2 36. Nf4 Rh1+ 37. Ke2 Rxe1+ 38. Kxe1 Nd3+ 39. Nxd3 Rxd3 40. Ke2 Rh3 41. Be3 Kd7 42. b4 Rh2+ 43. Kd3 Ra2 44. Bc1 Ra1 45. Bb2 Rb1 46. Kc2 Re1 47. Kd3 Ke6 48. Bc3 Rd1+ 49. Ke2 Rb1 50. Kd2 Rb3 51. Kc2 Rxa3 52. Kb2 Ra4 53. Kb3 c5 54. e5 Rxb4+ 0-1

[Event "Bizkaia-ch"]
[Site "Bilbao"]
[Date "2018.11.03"]
[Round "3"]
[White "Eiguren Martinez, Kepa"]
[Black "Martinez de Soria Gordon, Jose Manuel"]
[Result "0-1"]
[WhiteElo "844"]
[BlackElo "1913"]
[PlyCount "46"]
[EventDate "2018.10.20"]
[EventType "swiss"]
[EventRounds "6"]
[EventCountry "ESP"]
[SourceTitle "CBM 187 Extra"]
[Source "ChessBase"]
[SourceDate "2018.11.04"]
[SourceVersion "1"]
[SourceVersionDate "2018.11.04"]
[SourceQuality "1"]

1. e4 c6 2. Nc3 d5 3. Nf3 Bg4 4. d4 e6 5. h3 Bxf3 6. Qxf3 dxe4 7. Nxe4 Qxd4 8. c3 Qb6 9. Bd3 Nd7 10. Bf4 Ngf6 11. 0-0 Nxe4 12. Bxe4 Nf6 13. Bc2 Be7 14. b4 0-0 15. Be5 a5 16. Rfe1 axb4 17. Qg3 g6 18. Qh4 Nd5 19. Qh6 Bf6 20. g4 Bxe5 21. Rxe5 bxc3 22. Rae1 Rxa2 23. R1e2 Nb4 0-1

[Event "Getxo op 3rd"]
[Site "Getxo"]
[Date "2018.09.10"]
[Round "4"]
[White "Martinez de Soria Gordon, Jose Manuel"]
[Black "Brusi Noguera, Ricardo Ll"]
[Result "1-0"]
[WhiteElo "1885"]
[BlackElo "2157"]
[PlyCount "49"]
[EventDate "2018.09.08"]
[EventType "swiss"]
[EventRounds "9"]
[EventCountry "ESP"]
[SourceTitle "EXT 2020"]
[Source "ChessBase"]
[SourceDate "2019.10.17"]
[SourceVersion "1"]
[SourceVersionDate "2019.10.17"]
[SourceQuality "1"]

1. e4 Nf6 2. e5 Nd5 3. Bc4 Nb6 4. Bb3 c5 5. d3 Nc6 6. Nf3 e6 7. 0-0 d5 8. exd6 Bxd6 9. Nc3 0-0 10. Ng5 h6 11. Nge4 Be7 12. Be3 Nd4 13. Qh5 f5 14. Nd2 Kh7 15. Rfe1 Bf6 16. Bxd4 cxd4 17. Ne2 Qd6 18. Qf3 e5 19. Nc4 Nxc4 20. Bxc4 Rb8 21. Qd5 Qxd5 22. Bxd5 Rd8 23. Bb3 g5 24. f3 Bd7 25. c3 1-0

[Event "Euskadi-ch Seniors 28th"]
[Site "Zarautz"]
[Date "2018.06.23"]
[Round "1"]
[White "Martinez de Soria Gordon, Jose Manuel"]
[Black "Moreno Romero, Ernesto"]
[Result "1-0"]
[WhiteElo "1923"]
[BlackElo "1558"]
[PlyCount "63"]
[EventDate "2018.06.23"]
[EventType "swiss"]
[EventRounds "6"]
[EventCountry "ESP"]
[SourceTitle "EXT 2021"]
[Source "ChessBase"]
[SourceDate "2020.10.23"]
[SourceVersion "1"]
[SourceVersionDate "2020.10.23"]
[SourceQuality "1"]

1. e4 c5 2. Nc3 e6 3. g3 Nc6 4. Bg2 Nf6 5. Nge2 Be7 6. 0-0 0-0 7. d4 cxd4 8. Nxd4 Bc5 9. Nb3 Be7 10. Be3 d6 11. Qe2 Nd7 12. Rad1 a6 13. h3 Qc7 14. Kh2 Nce5 15. Nd2 Ng6 16. f4 Nb6 17. h4 Bf6 18. Bxb6 Qxb6 19. Nc4 Qc7 20. Rxd6 Rb8 21. e5 Be7 22. h5 Nxf4 23. Rxf4 b5 24. Rc6 Qd8 25. Nd6 Bd7 26. Rxa6 Bg5 27. Rd4 f6 28. Nb7 Qe8 29. Ne4 fxe5 30. Rxd7 Qxd7 31. Nxg5 Rxb7 32. Qe4 1-0

[Event "ESP-ch Seniors 65+"]
[Site "Altea"]
[Date "2017.10.11"]
[Round "5"]
[White "Simon Padros, Emili"]
[Black "Martinez de Soria Gordon, Jose Manuel"]
[Result "1-0"]
[WhiteElo "2153"]
[BlackElo "1862"]
[PlyCount "75"]
[EventDate "2017.10.07"]
[EventType "swiss"]
[EventRounds "9"]
[EventCountry "ESP"]
[SourceTitle "CBM 181 Extra"]
[Source "ChessBase"]
[SourceDate "2017.12.12"]
[SourceVersion "1"]
[SourceVersionDate "2017.12.12"]
[SourceQuality "1"]

1. e4 c5 2. Nc3 e6 3. Nf3 a6 4. d4 cxd4 5. Nxd4 Qc7 6. g3 Bb4 7. Nde2 Ne7 8. Bg2 d6 9. 0-0 Bd7 10. Qd4 Bxc3 11. Nxc3 e5 12. Qd3 Nbc6 13. Be3 Rd8 14. a3 0-0 15. b4 b5 16. Rac1 Be6 17. Nd5 Qb7 18. Rfd1 Bxd5 19. exd5 Nb8 20. c4 bxc4 21. Rxc4 Rc8 22. Rxc8 Rxc8 23. Bh3 Rf8 24. Bg5 h6 25. Bxe7 Qxe7 26. Rc1 Qg5 27. Qe3 Qh5 28. Bf1 f5 29. Rc7 f4 30. Qa7 Qg5 31. Rb7 fxg3 32. hxg3 Rf3 33. Rxb8+ Kh7 34. Bg2 Qc1+ 35. Kh2 e4 36. Bxf3 exf3 37. Qe3 Qd1 38. Qe4+ 1-0

[Event "San Sebastian op 40th"]
[Site "San Sebastian"]
[Date "2017.04.09"]
[Round "2"]
[White "Garcia Castany Musellas, Gal La"]
[Black "Martinez de Soria Gordon, Jose Manuel"]
[Result "1-0"]
[WhiteElo "2195"]
[BlackElo "1910"]
[PlyCount "67"]
[EventDate "2017.04.08"]
[EventType "swiss"]
[EventRounds "9"]
[EventCountry "ESP"]
[SourceTitle "CBM 177 Extra"]
[Source "ChessBase"]
[SourceDate "2017.04.27"]
[SourceVersion "1"]
[SourceVersionDate "2017.04.27"]
[SourceQuality "1"]

1. e4 c6 2. Nc3 d5 3. Nf3 d4 4. Ne2 c5 5. Nf4 Nf6 6. Bb5+ Bd7 7. Qe2 Qa5 8. Bd3 Bc6 9. e5 Nd5 10. Nxd5 Bxd5 11. Be4 e6 12. Bxd5 exd5 13. e6 f6 14. b4 Qxb4 15. Nh4 g6 16. Qf3 Be7 17. Qxd5 0-0 18. a3 Qb6 19. 0-0 Nc6 20. d3 Rad8 21. Qf3 Ne5 22. Qg3 Qxe6 23. f4 Nc6 24. f5 Qe2 25. fxg6 h5 26. Qf4 Rd7 27. Nf5 Bd8 28. g7 Rxg7 29. Nxg7 Kxg7 30. Qh6+ Kg8 31. Bf4 Ne5 32. Rae1 Qxe1 33. Rxe1 Ng4 34. Qg6+ 1-0

[Event "Getxo op 1st"]
[Site "Getxo"]
[Date "2016.09.14"]
[Round "6.8"]
[White "Martinez Lopez, Jaime"]
[Black "Martinez de Soria Gordon, Jose Manuel"]
[Result "0-1"]
[WhiteElo "2063"]
[BlackElo "1855"]
[PlyCount "58"]
[EventDate "2016.09.10"]
[EventType "swiss"]
[EventCountry "ESP"]
[SourceTitle "EXT 2024"]
[Source "ChessBase"]
[SourceDate "2023.10.10"]
[SourceVersion "1"]
[SourceVersionDate "2023.10.10"]
[SourceQuality "1"]

1. e4 c6 2. Nc3 d5 3. Nf3 dxe4 4. Nxe4 Bg4 5. h3 Bxf3 6. Qxf3 Nd7 7. d4 Ngf6 8. c3 Nxe4 9. Qxe4 Nf6 10. Qf3 e6 11. Qg3 h5 12. Bd3 Qd5 13. 0-0 h4 14. Qg5 Qd7 15. Be2 0-0-0 16. Qa5 Kb8 17. Bg5 Bd6 18. Bf3 Rdg8 19. Rfd1 Nd5 20. c4 Ne7 21. d5 exd5 22. cxd5 c5 23. Bg4 f5 24. Be2 Ng6 25. a3 Qe8 26. Re1 Qe5 27. f4 Nxf4 28. Bf3 Nxh3+ 29. Kf1 Qg3 0-1

[Event "Bilbao op 9th"]
[Site "Bilbao"]
[Date "2016.07.13"]
[Round "1"]
[White "Gonzalez Perez, Arian"]
[Black "Martinez de Soria Gordon, Jose Manuel"]
[Result "1-0"]
[WhiteElo "2460"]
[BlackElo "1853"]
[PlyCount "61"]
[EventDate "2016.07.13"]
[EventType "swiss"]
[EventRounds "10"]
[EventCountry "ESP"]
[SourceTitle "CBM 173 Extra"]
[Source "ChessBase"]
[SourceDate "2016.08.29"]
[SourceVersion "1"]
[SourceVersionDate "2016.08.29"]
[SourceQuality "1"]

1. e4 c5 2. Nf3 e6 3. d3 d6 4. c3 Nf6 5. Nbd2 Nc6 6. d4 d5 7. e5 Nd7 8. Bd3 f6 9. 0-0 f5 10. c4 Nb6 11. dxc5 Bxc5 12. a3 dxc4 13. Nxc4 Nxc4 14. Bxc4 Qxd1 15. Rxd1 h6 16. b4 Bb6 17. Bb2 g5 18. b5 Na5 19. Ba2 Bd7 20. Rac1 Rd8 21. Rd6 Bc8 22. Bxe6 Ke7 23. Ba2 Rh7 24. Rxd8 Kxd8 25. e6 Rc7 26. Bf6+ Ke8 27. Rd1 Rc2 28. e7 Bd7 29. Be6 Rc7 30. Ne5 Bxb5 31. Ra1 1-0

[Event "Benidorm op U2000 14th"]
[Site "Benidorm"]
[Date "2015.11.30"]
[Round "3"]
[White "Martinez de Soria Gordon, Jose Manuel"]
[Black "Pes Mateo, Angel"]
[Result "1/2-1/2"]
[WhiteElo "1867"]
[BlackElo "1971"]
[PlyCount "126"]
[EventDate "2015.11.28"]
[EventType "swiss"]
[EventRounds "10"]
[EventCountry "ESP"]
[SourceTitle "CBM 169 Extra"]
[Source "ChessBase"]
[SourceDate "2015.12.18"]
[SourceVersion "1"]
[SourceVersionDate "2015.12.18"]
[SourceQuality "1"]

1. e4 c5 2. Nc3 a6 3. g3 d6 4. Bg2 e5 5. d3 Nf6 6. h3 Be7 7. Be3 Nc6 8. Nd5 b5 9. Ne2 0-0 10. 0-0 Be6 11. Kh2 Rb8 12. f4 Ne8 13. Nxe7+ Nxe7 14. fxe5 dxe5 15. Bxc5 Rc8 16. Bxe7 Qxe7 17. a3 Nd6 18. Nc3 Qg5 19. Qc1 Qh5 20. Qe3 Rc6 21. Qf3 Qg5 22. h4 Qg6 23. Bh3 Rfc8 24. Rf2 Bxh3 25. Kxh3 Qe6+ 26. Qg4 Qxg4+ 27. Kxg4 Kf8 28. Rc1 Ne8 29. Nd5 Nc7 30. Nxc7 R8xc7 31. Kf3 a5 32. Ke3 Ke7 33. c3 b4 34. axb4 axb4 35. Kd2 Rb7 36. Ke3 Rbc7 37. Kd2 Rb7 38. cxb4 Rxc1 39. Kxc1 Rxb4 40. Kc2 Ke6 41. Kc3 Rd4 42. b4 f6 43. Ra2 Rd7 44. Ra6+ Ke7 45. b5 Kd8 46. Rc6 Rb7 47. Kb4 Kd7 48. Rc4 Kd6 49. Ka5 Ra7+ 50. Kb6 Ra3 51. d4 exd4 52. Rxd4+ Ke5 53. Rc4 Rxg3 54. Kc7 Rb3 55. b6 g5 56. b7 gxh4 57. Rc5+ Kxe4 58. Rh5 f5 59. Rxh7 Rxb7+ 60. Kxb7 f4 61. Kc6 f3 62. Rxh4+ Ke3 63. Kd5 f2 1/2-1/2